000 00615nam a2200193 a 4500
001 000010475
005 20240412074218.0
008 091007s1973 dr a 000 p spa d
040 _aDO-SdBNP
_bspa
_cBNPHU
082 _aRD861.44
_bM358e
100 1 _aMarra de Álvarez, Gilda
_925479
245 1 0 _aEn el umbral /
_cGilda Marra de Alvarez.
260 _aSanto Domingo :
_bDirectorio Comercial e Industrial,
_c1973.
300 _a93 p. :
_bil. ;
_c24 cm.
590 _aInventariado, 2018/LP
650 0 _aPoesía dominicana
_966
650 0 _aLiteratura dominicana.
_967
910 _aValidado. Control de calidad MFF
999 _c10234
_d10234